| 000 | 00000nam##2200000za#4500 |
| 001 | 9.688597 |
| 003 | CaOODSP |
| 005 | 20210624231512 |
| 007 | cr ||||||||||| |
| 008 | 150407|2002||||xxc|||||o f|0| 0 eng|d |
| 040 | |aCaOODSP|beng |
| 043 | |an-cn--- |
| 086 | 1 |aCi51-76/2002E-PDF |
| 110 | 1 |aCanada. |bCanadian Heritage. |
| 245 | 10|aConvention on the elimination of all forms of discrimination against women : |h[electronic resource]|bfifth report of Canada covering the period April 1994-March 1998 / |cIssued by the Human Rights Program. |
| 260 | |aHull - Quebec : |bCanadian Heritage |c2002. |
| 300 | |a92, 160p.|btables |
| 500 | |aThe catalogue number and ISBN for the 2002 print edition have been printed in this electronic edition. |
| 590 | |a06-10-Supp|b2006-12-15 |
| 690 | 07|aGender discrimination|2gcpds |
| 690 | 07|aInternational agreements|2gcpds |
| 690 | 07|aWomen|2gcpds |
| 775 | 08|tConvention sur l'élimination de toutes les formes de discrimination à l'égard des femmes : |w(CaOODSP)9.633019 |
| 776 | 0#|tConvention on the Elimination of All Forms of Discrimination against Women : |w(CaOODSP)9.648483 |
| 856 | 40|ahttp://publications.gc.ca|qPDF|s205 KB|uhttps://publications.gc.ca/collections/Collection/Ci51-76-2002E.pdf |
| 856 | 40|ahttp://publications.gc.ca|qPDF|s343 KB|uhttps://publications.gc.ca/collections/Collection/Ci51-76-2002E-2.pdf |